<?xml version="1.0" encoding="UTF-8"?>
<marc:record xmlns:marc="http://www.loc.gov/MARC21/slim">
   <marc:leader>00000nam a2200000 a 4500</marc:leader>
   <marc:datafield ind1="1" ind2=" " tag="100">
      <marc:subfield code="a">Skoumal, Martin</marc:subfield>
      <marc:subfield code="4">aut</marc:subfield>
      <marc:subfield code="e">Verfasser/-in</marc:subfield>
   </marc:datafield>
   <marc:datafield ind1="1" ind2=" " tag="100">
      <marc:subfield code="a">Haberhauer, Günther</marc:subfield>
      <marc:subfield code="4">aut</marc:subfield>
      <marc:subfield code="e">Verfasser/-in</marc:subfield>
   </marc:datafield>
   <marc:datafield ind1=" " ind2=" " tag="653">
      <marc:subfield code="a">Rheumatismus</marc:subfield>
   </marc:datafield>
   <marc:datafield ind1=" " ind2=" " tag="653">
      <marc:subfield code="a">Softcover</marc:subfield>
   </marc:datafield>
   <marc:datafield ind1=" " ind2=" " tag="653">
      <marc:subfield code="a">Karte</marc:subfield>
   </marc:datafield>
   <marc:datafield ind1=" " ind2=" " tag="653">
      <marc:subfield code="a">Körperpflege / Ratgeber Gesundheit</marc:subfield>
   </marc:datafield>
   <marc:datafield ind1="0" ind2="0" tag="245">
      <marc:subfield code="a">Alles (über) Rheuma</marc:subfield>
   </marc:datafield>
   <marc:datafield ind1="0" ind2="0" tag="245">
      <marc:subfield code="b">Ursachen - Diagnose - Krankheiten - Behandlung</marc:subfield>
   </marc:datafield>
   <marc:datafield ind1="0" ind2="0" tag="245">
      <marc:subfield code="c">Martin Skoumal ; Günther Haberhauer. Krause &amp; Pachernegg GmbH</marc:subfield>
   </marc:datafield>
   <marc:datafield ind1=" " ind2="1" tag="264">
      <marc:subfield code="a">Wien</marc:subfield>
      <marc:subfield code="b">Verlagshaus der Ärzte</marc:subfield>
      <marc:subfield code="c">2005</marc:subfield>
   </marc:datafield>
   <marc:datafield ind1=" " ind2=" " tag="250">
      <marc:subfield code="a">1. Aufl.</marc:subfield>
   </marc:datafield>
   <marc:datafield ind1="1" ind2=" " tag="520">
      <marc:subfield code="a">Angaben aus der Verlagsmeldung

Alles (über) Rheuma : Ursachen - Arten - Behandlung - Vorbeugung / von Martin Skoumal, Günther Haberhauer

Rheumatische Erkrankungen zählen zu den häufigsten Diagnosen in der Praxis eines Hausarztes. Für viele Betroffene ist die Diagnose ein Schock und die Furcht vor Schmerzen und medikamentösen Nebenwirkungen führt häufig zu Depressionen. Dieses Buch geht zunächst der Frage nach, was Rheuma ist und welche Erkrankungen damit bezeichnet werden. Es stellt deren Ursachen dar und zeigt, welche Ausmaße rheumatische Erkrankungen un- oder falsch behandelt annehmen können. Rheuma ist heute längst kein unüberwindbares Schicksal mehr. Werden rechtzeitig die richtigen Behandlungsschritte eingeleitet, können viele Erkrankungen nachhaltig gestoppt werden. Selbst langjährigen Rheumapatienten kann mit den neuen Medikamenten ein möglichst beschwerdefreies Leben ermöglicht werden. Und auch die Nebenwirkungen der Medikamente sind inzwischen zumeist sehr gering - im Bedafsfall kann man auch sehr oft auf andere Therapeutika ausweichen. Ein Buch, das vor allem den Betroffenen Angst nehmen und Mut machen möchte sowie für alle Angehörigen von Rheumapatienten.
</marc:subfield>
   </marc:datafield>
   <marc:datafield ind1=" " ind2=" " tag="020">
      <marc:subfield code="a">9783901488597</marc:subfield>
      <marc:subfield code="9">9783901488597</marc:subfield>
   </marc:datafield>
   <marc:datafield ind1=" " ind2=" " tag="020">
      <marc:subfield code="a">3901488596</marc:subfield>
      <marc:subfield code="9">3901488596</marc:subfield>
   </marc:datafield>
   <marc:datafield ind1=" " ind2=" " tag="041">
      <marc:subfield code="a">ger</marc:subfield>
   </marc:datafield>
   <marc:datafield ind1=" " ind2=" " tag="300">
      <marc:subfield code="a">96 S.</marc:subfield>
   </marc:datafield>
</marc:record>
